Istilah sejarah : bahasa Inggeris-bahasa Malaysia
| Format: | Book |
|---|---|
| Published: |
Kuala Lumpur :
Dewan Bahasa dan Pustaka ,
1990
|
| Edition: | Ed. ke-3 |
| Subjects: |
MARC
| LEADER | 00000cam a2200000 7i4500 | ||
|---|---|---|---|
| 001 | 0000006143 | ||
| 005 | 20230130093000.0 | ||
| 020 | |a 9836212418 | ||
| 090 | 0 | 0 | |a D9 |b .I8 1990 |
| 245 | 0 | 0 | |a Istilah sejarah : |b bahasa Inggeris-bahasa Malaysia |
| 250 | |a Ed. ke-3 | ||
| 260 | 2 | |a Kuala Lumpur : |b Dewan Bahasa dan Pustaka , |c 1990 | |
| 300 | |a xxiv, 81 p. ; |c 14 cm. | ||
| 650 | 0 | |a History |v Terminology | |
| 999 | |a 1000025548 |b Book |c Reference |e Gong Badak Campus | ||
| 999 | |a 1000025549 |b Book |c Reference |e Gong Badak Campus | ||